| 000 | 00904nam a22002417a 4500 | ||
|---|---|---|---|
| 005 | 20141101020003.0 | ||
| 008 | 120914s2012 sp gr 000 0dspa d | ||
| 020 | _a9789586601900 | ||
| 041 | _aspa | ||
| 044 | _ack | ||
| 082 | 0 | 4 |
_a581.7 _bM82v |
| 100 | 1 |
_aMorales-Puentes, María Eugenia _926869 |
|
| 245 | 1 | 0 |
_aVida oculta, una muestra de la flora de Boyacá y Casanare, Colombia / _cMorales Puentes Maria Eugenia. |
| 260 |
_aTunja : _bUniversidad Tecnológica y Pedagógica de Colombia - UPTC, _c2012. |
||
| 300 |
_a420 p. _bfot. (col) _c24 cm. |
||
| 490 |
_aColección Investigación UPTC _v49 |
||
| 504 | _aIncluye referencias bibliográficas (pag. 410-420) | ||
| 650 | 6 |
_aFlora _zBoyacá (Dpt. Colombia) _927897 |
|
| 650 | 6 |
_aFlora _zCasanare (Dpt. Colombia) _927898 |
|
| 700 | 1 |
_aGil-Leguizamo, Pablo Andrés _926888 |
|
| 700 | 1 |
_aDíaz-Pérez, Carlos Nelson _926871 |
|
| 942 |
_2ddc _cLIBRO _01 |
||
| 999 |
_c8692 _d8692 |
||